000 00432nam a22001577a 4500
003 LK-CoDNM
005 20240812114402.0
008 240812b |||||||| |||| 00| 0 eng d
040 _aLK-CoDNM
_dLK-CoDNM
_eLK-CoDNM
080 _a10
_bO19
100 _amachmichael,h a
245 _aA History of the arabs inthe sudan-volume 2
260 _auniversity press
_bcambridge
_c1922
300 _aviii, 488p. : map ; 25 cm
942 _cBK
999 _c147154
_d147154